000 00288nam a22001337a 4500
008 170807b xxu||||| |||| 00| 0 eng d
020 _a9780201700053
041 _aeng
080 _22ND
_a004
100 _a34
101 _aSHK
245 _aGREATING STORES
_cSAWYER,B
942 _2udc
_cBK
999 _c22835
_d22835